Nuestro sistema de salud está enfermo
Đã lưu trong:
| Định dạng: | Texto |
|---|---|
| Những chủ đề: | |
| Các nhãn: |
Thêm thẻ
Không có thẻ, Là người đầu tiên thẻ bản ghi này!
|
MARC
| LEADER | 00000 a a2200000 04500 | ||
|---|---|---|---|
| 001 | 5973 | ||
| 003 | |||
| 040 | |||
| 245 | |a Nuestro sistema de salud está enfermo | ||
| 650 | |a SALUD | ||
| 650 | |a SERVICIOS DE SALUD | ||
| 650 | |a HOSPITALES | ||
| 650 | |a ONU | ||
| 650 | |a PRIVATIZACION | ||
| 650 | |a ESTADO | ||
| 650 | |a UNIVERSIDADES | ||
| 773 | |g volumen 16, número 667; páginas 14-16 | ||
| 999 | |c 27833 |d 27833 | ||
